Klicken die US-Staaten auf einer Karte - Statistiken

Allgemein
  • Dieses Quiz wurde 451 mal gespielt
  • Das Durchschnittsergebnis liegt bei 31 aus 50
Antworten auf der Karte
Die Antworten werden auf der Karte rot bzw. grün angezeigt, abhängig davon wie oft sie richtig erraten wurden.
 
Antwortstatistiken
Antwort % Korrekt
Alaska
83%
Hawaii
83%
Texas
82%
Florida
81%
Kalifornien
81%
South Dakota
75%
Washington
73%
New Mexico
72%
North Dakota
70%
Montana
69%
South Carolina
69%
Nevada
68%
Vermont
68%
Arizona
67%
Rhode Island
67%
Maine
65%
Virginia
65%
Pennsylvania
64%
New Hampshire
63%
New York
63%
Tennessee
63%
Georgia
62%
North Carolina
62%
Oregon
62%
Michigan
61%
Mississippi
61%
West Virginia
61%
Colorado
60%
Kentucky
60%
Louisiana
60%
Utah
60%
Connecticut
59%
Idaho
59%
Illinois
59%
Indiana
58%
Alabama
57%
Maryland
57%
New Jersey
57%
Wyoming
57%
Ohio
56%
Oklahoma
56%
Wisconsin
56%
Minnesota
55%
Nebraska
55%
Kansas
53%
Delaware
52%
Massachusetts
51%
Iowa
48%
Missouri
46%
Arkansas
45%
Keine übereinstimmenden Quizze gefunden
Verteilung der Resultate
Anzahl Personen mit jedem Resultat
Perzentil nach korrekt beantworteten Fragen
Ihre Resultats-Entwicklung
Sie haben dieses Quiz noch nicht gespielt